000 00455nam a2200181Ia 4500
001 23479
005 20260414150940.0
008 260414t2008||||xx |||||||||||||| ||spa||
041 _aESP
082 _a650.1
_bL544
100 _aLiker, Jeffrey K.
_eAUT
245 0 _aEl talento Toyota :
_bdesarrolle a su gente al estilo Toyota
260 _c2008
300 _a326 páginas :
_c23 cm.
650 _aGEN
654 _aCCO
942 _cLIB
_dJUS
_fJUS
_2ddc
_n
999 _c23479
_d23479